000 00717nam a2200181Ia 4500
008 090124s9999 xx 000 0 und d
082 _b119027
100 _aकुलकर्णी जी.ए.(गुरुनाथ आबाजी )
245 _a ओंजळधारा ( आधारीत कथा )
250 _a1
260 _c1981
300 _a167
600 _aकुलकर्णी जी.ए.(गुरुनाथ आबाजी )
630 _a ओंजळधारा ( आधारीत कथा )
700 _aकुलकर्णी जी.ए.(गुरुनाथ आबाजी )
730 _a ओंजळधारा ( आधारीत कथा )
942 _cBOOK
999 _c165113
_d165113